00821nam a2200193Ia 4500008004100000020001500041041001200056100002200068245009300090250000800183260003500191300000800226650001000234700001700244942000700261999001700268952017100285952017100456221030s9999 xx 000 0 und d a9351071587 aEnglish aO. C. Zienkiewicz 4aThe Finite Element Method : Its Basis & Fundamentalscby O. C. Zienkiewicz, R. L. Taylor a7th bReed ElsevieraNew Delhic2015 a714 aCivil aR. L. Taylor cBK c17785d17785 pBE 15405g610.00i123l0eRKBr2024-06-13 00:00:00w2022-10-30yBK003Print4071aMIETLIBbMIETLIBcBL-Academic Block B, FL-2, CUP-108, SH-5, R-5d2017-11-2910HBE pBE 15406g610.00i123l0eRKBr2024-06-13 00:00:00w2022-10-30yBK003Print4070aMIETLIBbMIETLIBcBL-Academic Block B, FL-2, CUP-132, SH-1, R-1d2017-11-2910HBE